| 000 | 00390 a2200169 4500 | ||
|---|---|---|---|
| 001 | 190151 | ||
| 020 | _a978-85-65381-13-0 | ||
| 040 | _cMagnum | ||
| 100 | _aBertelli, Luigi | ||
| 240 | 1 | 0 |
_aO diário de Gian Burrasca _lpor |
| 245 | 1 | 0 | _aO diário de Gian Burrasca |
| 300 | _a245 | ||
| 362 | 0 | _a2012 | |
| 440 | 1 | _aAutêntica | |
| 697 | _aLITERATURA JUVENIL ESTRANGEIRA | ||
| 942 | _cBK | ||
| 999 |
_c190151 _d190151 |
||